ბათუმის შოთა რუსთაველის სახელმწიფო უნივერსიტეტის ბიბლიოთეკა

Скифы / (ბიბ.ჩანაწერი № 60787)

000 -LEADER
fixed length control field 00564nam a22001697a 4500
005 - DATE AND TIME OF LATEST TRANSACTION
control field 20231023103323.0
008 - FIXED-LENGTH DATA ELEMENTS--GENERAL INFORMATION
fixed length control field 231023s1970 ru ||||| |||| 00| 0 geo d
041 ## - LANGUAGE CODE
Language code of text/sound track or separate title rus
080 ## - UNIVERSAL DECIMAL CLASSIFICATION NUMBER
Universal Decimal Classification number 087+069 Г-15
100 ## - MAIN ENTRY--PERSONAL NAME
Personal name Галанина, Людмила
9 (RLIN) 20172
245 ## - TITLE STATEMENT
Title Скифы /
Statement of responsibility, etc. Л. К. Галанина, И. П. Засецкая.
264 ## - PRODUCTION, PUBLICATION, DISTRIBUTION, MANUFACTURE, AND COPYRIGHT NOTICE
Place of production, publication, distribution, manufacture Ленинград:
Name of producer, publisher, distributor, manufacturer Аврора,
Date of production, publication, distribution, manufacture, or copyright notice 1970.
300 ## - PHYSICAL DESCRIPTION
Extent 96 стр.:
Other physical details ил.;
Dimensions 16 см.
653 ## - INDEX TERM--UNCONTROLLED
keyword სკვითები
700 ## - ADDED ENTRY--PERSONAL NAME
Personal name Засецкая, И. П.
Relator term ავტორი
9 (RLIN) 20173
942 ## - ADDED ENTRY ELEMENTS (KOHA)
Source of classification or shelving scheme
Koha item type წიგნი
ეგზემპლარები
Withdrawn status Lost status Source of classification or shelving scheme Damaged status Not for loan Permanent Location Current Location Shelving location Date acquired Cost, normal purchase price Full call number Barcode Date last seen Copy number Price effective from Koha item type Public note
          ბათუმის შოთა რუსთაველის სახელმწიფო უნივერსიტეტის მთავარი ბიბლიოთეკა ბათუმის შოთა რუსთაველის სახელმწიფო უნივერსიტეტის მთავარი ბიბლიოთეკა წიგნსაცავი 2023-10-23 4.00 087+069 Г-15 65370 2023-10-23 65370 2023-10-23 წიგნი 4 ლ.